| 000 -LEADER |
| fixed length control field |
00726cam a22002291a 4500 |
| 001 - CONTROL NUMBER |
| control field |
7936255 |
| 005 - DATE AND TIME OF LATEST TRANSACTION |
| control field |
20180115075328.0 |
| 008 - FIXED-LENGTH DATA ELEMENTS--GENERAL INFORMATION |
| fixed length control field |
720512r19561899nyu 000 0 eng |
| 010 ## - LIBRARY OF CONGRESS CONTROL NUMBER |
| LC control number |
57000401 |
| 020 ## - INTERNATIONAL STANDARD BOOK NUMBER |
| International Standard Book Number |
0486201120 |
| 035 ## - SYSTEM CONTROL NUMBER |
| System control number |
(OCoLC)307445 |
| 040 ## - CATALOGING SOURCE |
| Original cataloging agency |
DLC |
| Transcribing agency |
GACCLC |
| Modifying agency |
OCoLC |
| -- |
OCoC-L |
| -- |
DLC |
| 041 1# - LANGUAGE CODE |
| Language code of text/sound track or separate title |
engger |
| 080 ## - UNIVERSAL DECIMAL CLASSIFICATION NUMBER |
| Universal Decimal Classification number |
901 |
| 082 ## - DEWEY DECIMAL CLASSIFICATION NUMBER |
| Classification number |
901 HEG |
| 100 1# - Rafti |
| Rafti |
16 |
| 101 ## - Shkurtesa |
| Shkurtesa |
HIS |
| 240 10 - UNIFORM TITLE |
| Uniform title |
<a href="Vorlesungen über die Philosophie der Geschichte.">Vorlesungen über die Philosophie der Geschichte.</a> |
| Language of a work |
English |
| 245 14 - TITLE STATEMENT |
| Title |
The philosophy of history / |
| Statement of responsibility, etc |
Georg Wilhelm Friedrich Hegel ; prefaces by Charles Hegel and the translator, J. Sibree ; a new introduction by C.J. Friedrich. |
| 906 ## - LOCAL DATA ELEMENT F, LDF (RLIN) |
| a |
7 |
| b |
cbc |
| c |
oclcrpl |
| d |
u |
| e |
ncip |
| f |
19 |
| g |
y-gencatlg |
| 942 ## - ADDED ENTRY ELEMENTS (KOHA) |
| Source of classification or shelving scheme |
|
| Item type |
Books |